000 00316nam a2200133Ia 4500
008 100328s9999 xx 000 0 und d
082 _b47423
100 _aकाकडे द.स.
245 _aवंश
260 _bचंद्रमौळी
630 _aवंश
730 _aवंश
942 _cBOOK
999 _c535210
_d535207